Ace Attorney - Sélection de Tuiles - Statistiques

Statistiques générales
  • Ce quiz a été pris 13 fois
    3 depuis la dernière actualisation
  • Le résultat moyen est 62 sur 80
Statistiques - réponses
Question Tuile Select % Correct
Les personnages non-humains Acro Non
100%
Les personnages apparaissant dans Ace Attorney Investigations (1 ou 2) Alex Marshall Non
100%
Les personnages non-humains Alice Oui
100%
Les personnages accusés de meurtre plus d'une fois Apollo Justice Non
100%
Les personnages apparaissant dans Ace Attorney Investigations (1 ou 2) Apollo Justice Non
100%
Les personnages ayant une expression (Objection!) exclusive à leur personnage Apollo Justice Oui
100%
Les personnages non-humains Bate Non
100%
Les personnages décédés Bernick de Killer Non
100%
Les personnages décédés Dahlia Plantule Oui
100%
Les personnages accusés de meurtre plus d'une fois Dhurke Sahdmadhi Non
100%
Les personnages ayant une expression (Objection!) exclusive à leur personnage Dhurke Sahdmadhi Non
100%
Les personnages décédés Dick Tektiv Non
100%
Les personnages apparaissant dans Ace Attorney Investigations (1 ou 2) Flavie Eïchouette Oui
100%
Les personnages non-humains Frisé Non
100%
Les personnages apparaissant dans Ace Attorney Investigations (1 ou 2) Furio Tigre Non
100%
Les personnages accusés de meurtre plus d'une fois Gina Lestrade Non
100%
Les personnages non-humains Godot Non
100%
Les personnages apparaissant dans Ace Attorney Investigations (1 ou 2) Godot Non
100%
Les personnages décédés Gontran Baud Non
100%
Les personnages accusés de meurtre plus d'une fois Gustavo Lonté Non
100%
Les personnages apparaissant dans Ace Attorney Investigations (1 ou 2) Henri Hunter Oui
100%
Les personnages décédés Henri Hunter Oui
100%
Les personnages ayant une expression (Objection!) exclusive à leur personnage Herlock Sholmes Non
100%
Les personnages non-humains Iris Non
100%
Les personnages décédés Justin Brillant Oui
100%
Les personnages décédés Kazuma Asogi Non
100%
Les personnages apparaissant dans Ace Attorney Investigations (1 ou 2) Konrad Gavin Non
100%
Les personnages décédés Kristoph Gavin Non
100%
Les personnages accusés de meurtre plus d'une fois Lana Skye Non
100%
Les personnages ayant une expression (Objection!) exclusive à leur personnage Le Juge Non
100%
Les personnages accusés de meurtre plus d'une fois Maguy Loiseau Oui
100%
Les personnages apparaissant dans Ace Attorney Investigations (1 ou 2) Manfred von Karma Oui
100%
Les personnages accusés de meurtre plus d'une fois Marguerite Dubois Oui
100%
Les personnages accusés de meurtre plus d'une fois Matt Moissat Non
100%
Les personnages apparaissant dans Ace Attorney Investigations (1 ou 2) Matt Moissat Non
100%
Les personnages accusés de meurtre plus d'une fois Maya Fey Oui
100%
Les personnages décédés Maya Fey Non
100%
Les personnages apparaissant dans Ace Attorney Investigations (1 ou 2) Mia Fey Non
100%
Les personnages non-humains Missile Oui
100%
Les personnages décédés Misty Fey Oui
100%
Les personnages non-humains Paul Defès Non
100%
Les personnages accusés de meurtre plus d'une fois Phoenix Wright Oui
100%
Les personnages non-humains Pluton Oui
100%
Les personnages accusés de meurtre plus d'une fois Ryunosuke Naruhodo Non
100%
Les personnages accusés de meurtre plus d'une fois Vérité Wright Non
100%
Les personnages apparaissant dans Ace Attorney Investigations (1 ou 2) Yanni Yogi Non
100%
Les personnages décédés Yanni Yogi Non
100%
Les personnages décédés Amara Sigatar Khura'in Non
50%
Les personnages accusés de meurtre plus d'une fois Athena Cykes Non
50%
Les personnages non-humains Cha'poh Oui
50%
Les personnages décédés Dhurke Sahdmadhi Oui
50%
Les personnages décédés Di-Jun Wang Oui
50%
Les personnages apparaissant dans Ace Attorney Investigations (1 ou 2) Ema Skye Oui
50%
Les personnages ayant une expression (Objection!) exclusive à leur personnage Excelsius Victor Non
50%
Les personnages ayant une expression (Objection!) exclusive à leur personnage Ga'ran Sigatar Khura'in Oui
50%
Les personnages ayant une expression (Objection!) exclusive à leur personnage Godot Non
50%
Les personnages décédés Godot Non
50%
Les personnages apparaissant dans Ace Attorney Investigations (1 ou 2) Gustavo Lonté Oui
50%
Les personnages accusés de meurtre plus d'une fois Jack Lamenoire Non
50%
Les personnages ayant une expression (Objection!) exclusive à leur personnage Jack Lamenoire Oui
50%
Les personnages ayant une expression (Objection!) exclusive à leur personnage Jezaille Brett Oui
50%
Les personnages ayant une expression (Objection!) exclusive à leur personnage Kristoph Gavin Non
50%
Les personnages non-humains Léon Oui
50%
Les personnages apparaissant dans Ace Attorney Investigations (1 ou 2) Maguy Loiseau Oui
50%
Les personnages non-humains Money Oui
50%
Les personnages ayant une expression (Objection!) exclusive à leur personnage Nahyuta Sahdmadhi Oui
50%
Les personnages accusés de meurtre plus d'une fois Paul Defès Non
50%
Les personnages non-humains Pauli Sabord Oui
50%
Les personnages apparaissant dans Ace Attorney Investigations (1 ou 2) Phoenix Wright Oui
50%
Les personnages ayant une expression (Objection!) exclusive à leur personnage Phoenix Wright Non
50%
Les personnages ayant une expression (Objection!) exclusive à leur personnage Ryunosuke Naruhodo Oui
50%
Les personnages ayant une expression (Objection!) exclusive à leur personnage Shi-Long Lang Oui
50%
Les personnages accusés de meurtre plus d'une fois Soseki Natsume Oui
50%
Les personnages non-humains Taka Oui
50%
Les personnages apparaissant dans Ace Attorney Investigations (1 ou 2) Victor Boulay Oui
50%
Les personnages non-humains Wagahai Oui
50%
Les personnages ayant une expression (Objection!) exclusive à leur personnage Athena Cykes Non
0%
Les personnages ayant une expression (Objection!) exclusive à leur personnage Justine Delcour Oui
0%
Les personnages décédés Tobias Gregson Oui
0%
Les personnages non-humains Toby Oui
0%
Aucun quiz correspondant
Distribution des résultats
% des personnes avec chaque résultat
Percentile par nombre de réponses
Votre historique - résultats
Vous n’avez pas pris ce quiz depuis la dernière actualisation